Belgian Food - Statistics

General Stats
  • This quiz has been taken 48 times
  • The average score is 7 of 12
Answer Stats
Picture Answer % Correct
Waffle
98%
Chocolate
93%
Beer
91%
Brussels sprouts
82%
Mayonnaise
70%
Moules-frites
57%
Speculoos
57%
Cuberdon
48%
Waterzooi
25%
Stoemp
16%
Flemish carbonnade
14%
Grey shrimps
5%
No matching quizzes found
Score Distribution
Percent of People with Each Score
Percentile by Number Answered
Your Score History
You have not taken this quiz